00851 a2200193 45000010006000000050017000060080041000230030015000640400040000790800038001192450042001570200018001992640068002173000019002855050290003041000020005947000019006147000024006332688820260407155546.0260407a1982 arg spa dAR-UNSa-BCEJYS aAR-UNSa-BCEJYSbspacAR-UNSa-BCEJYS a711(09)xHistoría del Urbanismo10aHistoria del urbanismopEl siglo XVII a84-7088-293-7 1aMadrid :bInstituto de Estudios de Administración Localc1982 a641 p.c25 cm. a1. Italia, El Mediterraneo y el Imperio Español - 2. La Europa del centro-norte: el urbanismo moderno y la primera expansión colonial - 3. El area católica: La Roma de Alejandro VII y las colonias españolas - 4. La Francia de Luis XIV - 5. La Europa Centro-Nordica e Inglaterra1 aGuidoni, Enrico1 aMarino, Angela1 aVioque Lozano, Juan